000 00413nam a22001697a 4500
003 NUST - PNEC
005 20170116181136.0
008 151007b xxu||||| |||| 00| 0 eng d
020 _a-
040 _cLIBRARY
082 _a891.4391 MAH
100 _914349
_aMahirul Qadri
245 _aKulliyat e Mahir
_cMahirul Qadri
260 _aLahore:
650 _914350
_aUrdu Literature
_xGeneral
942 _2ddc
_cBK
999 _c70268
_d70268